Incidencia De La Gestión Escolar Para El Logro De La Calidad Educativa En La Jornada Escolar Extendida Del Liceo Huáscar Ramón Victoria José, Distrito Educativo 14-01, 2015-2016. (Record no. 5263)

MARC details
000 -LEADER
campo de control de longitud fija 03091nam a2200589Ia 4500
001 - NÚMERO DE CONTROL
campo de control 5585
008 - DATOS DE LONGITUD FIJA--INFORMACIÓN GENERAL
campo de control de longitud fija 241029s9999 xx 000 0 und d
010 ## - NÚMERO DE CONTROL DE LA BIBLIOTECA DEL CONGRESO
Número de control de LC 5263
041 ## - CÓDIGO DE IDIOMA
Código de lengua del texto/banda sonora o título independiente Español
082 ## - NÚMERO DE LA CLASIFICACIÓN DECIMAL DEWEY
Número de clasificación n/a
245 #0 - MENCIÓN DEL TÍTULO
Título Incidencia De La Gestión Escolar Para El Logro De La Calidad Educativa En La Jornada Escolar Extendida Del Liceo Huáscar Ramón Victoria José, Distrito Educativo 14-01, 2015-2016.
260 ## - PUBLICACIÓN, DISTRIBUCIÓN, ETC.
Lugar de publicación, distribución, etc. María Trinidad Sánchez
300 ## - DESCRIPCIÓN FÍSICA
Extensión 127
520 ## - RESUMEN, ETC.
Sumario, etc. 26
520 ## - RESUMEN, ETC.
Sumario, etc. El propósito de la investigación fue analizar como incide la gestión escolar para el logro de la calidad educativa en la Jornada Escolar Extendida del Liceo Huáscar Ramón Victoria José perteneciente al Distrito Educativo 14-01 de Nagua durante el año escolar 2015-2016.Esta investigación se realiza bajo el diseño de campo, no experimental y es de tipo descriptiva, el método utilizado fue el inductivo. Esta investigación abarcó a veintiuna (21) personas cinco (5) del Equipo de Gestión, sin hacer constar el director y dieciséis (16) docentes del Liceo Huáscar Ramón Victoria José. Se trabajará con la población completa por considerarse esta muy reducida. Se concluye que, siempre el director  monitorea los procesos pedagógicos, promueve la convivencia democrática e intercultural, establece vínculo entre la escuela y la comunidad, promueve el liderazgo pedagógico, ejerce una gestión democrática, socializa  la visión y metas del Centro Educativo, ejerce el  liderazgo de la gestión directiva, demuestra el desempeño de sus labores y demuestra sus competencias profesionales en el ejercicio de sus funciones. Se recomienda: al equipo de gestión mantener los acompañamientos a los docentes, darle seguimiento a estos por medio de los diálogos reflexivos para mantener la calidad educativa en los centros de jornada escolar extendida.
630 ## - PUNTO DE ACCESO ADICIONAL DE MATERIA--TÍTULO UNIFORME
Título uniforme Administración Educativa
630 ## - PUNTO DE ACCESO ADICIONAL DE MATERIA--TÍTULO UNIFORME
Título uniforme Administración Escolar
630 ## - PUNTO DE ACCESO ADICIONAL DE MATERIA--TÍTULO UNIFORME
Título uniforme Gestión
630 ## - PUNTO DE ACCESO ADICIONAL DE MATERIA--TÍTULO UNIFORME
Título uniforme Gestión Escolar
630 ## - PUNTO DE ACCESO ADICIONAL DE MATERIA--TÍTULO UNIFORME
Título uniforme Nivel Medio
650 ## - PUNTO DE ACCESO ADICIONAL DE MATERIA--TÉRMINO DE MATERIA
Término de materia o nombre geográfico como elemento de entrada Gestión Educativa
690 ## - PUNTO DE ACCESO ADICIONAL DE MATERIA LOCAL--TÉRMINO DE MATERIA (OCLC, RLIN)
Término de materia o nombre geográfico como elemento inicial Elaborado
700 ## - ENTRADA AGREGADA--NOMBRE PERSONAL
Término indicativo de función/relación asesor
Nombre de persona Escolástico, Apolinar
700 ## - ENTRADA AGREGADA--NOMBRE PERSONAL
Término indicativo de función/relación autor
Nombre de persona Guribe Peña , Caridad
700 ## - ENTRADA AGREGADA--NOMBRE PERSONAL
Término indicativo de función/relación autor
Nombre de persona Mejía Baldera , Fancina
700 ## - ENTRADA AGREGADA--NOMBRE PERSONAL
Término indicativo de función/relación autor
Nombre de persona Reyes Peña, Rosanna
901 ## - ELEMENTOS DE DATOS A LOCAL LDA (RLIN)
a {"1":"Guribe Peña ","2":"Mejía Baldera ","3":"Reyes Peña"}
b {"1":"Caridad","2":"Fancina ","3":"Rosanna"}
902 ## - ELEMENTOS DE DATOS B LOCAL, LDB (RLIN)
a 1
903 ## - ELEMENTOS DE DATOS C LOCAL, LDC (RLIN)
a {"1":"Escolástico"}
b {"1":"Apolinar"}
904 ## - ELEMENTOS DE DATOS D LOCAL, LDD (RLIN)
a Maestría en
905 ## - ELEMENTOS DE DATOS E LOCAL, LDE (RLIN)
a Gestión de Centros Educativos
906 ## - ELEMENTOS DE DATOS F LOCAL, LDF (RLIN)
a 2
907 ## - ELEMENTOS DE DATOS G LOCAL, LDG (RLIN)
a NO APLICA
908 ## - COLOCAR PARÁMETRO DE COMANDO (RLIN)
Colocar parámetro de comando NO APLICA
909 ## -
-- Universidad Abierta para Adultos, Cibao Oriental (Nagua)
910 ## - DATOS DE OPCIÓN DEL USUARIO (OCLC)
Datos de opción del usuario NULL
-- NULL
911 ## - EQUIVALENCIA O REFERENCIA-CRUZADA-NOMBRE DE CONFERENCIA O REUNIÓN/CONGRESO [LOCAL, CANADÁ]
Nombre de congreso/reunión o jurisdicción como elemento de entrada ["1"]
912 ## -
-- NO APLICA
913 ## -
-- NULL
914 ## -
-- 08 de Febrero de 2017
915 ## -
-- 19/03/17 06:03
916 ## -
-- NULL
917 ## -
-- NULL
918 ## -
-- NO APLICA
919 ## -
-- ["10","11","111","201","240"]
921 ## -
-- 28
922 ## -
-- 28
923 ## -
-- 0
924 ## -
-- NO APLICA
942 ## - ELEMENTOS DE ENTRADA SECUNDARIOS (KOHA)
Tipo de ítem Koha

No items available.

© 2024. Todos los Derechos Reservados. Desarrollado por IDEICE